00668nam a2200169 i 450000100060000000300090000600500170001500700030003200800410003508000350007610000400011124501860015126000850033730000210042260000320044385200230047517749ES-MaACL20240511063015.0t|010516s1904 sp ||||1| spa d a929 Ortí y Lara, Juan Manuel1 aIsern y Marco, Damián,d1852-191410aNecrología del Ilmo. señor Don Juan Manuel Orti y Lara individuo de número que fue de la Real Academia de Ciencias Morales y Políticas / cleída ... por D. Damián Isern. aMadrid : b[s.n.], c1904 (fImp. del Asilo de Huérfanos del S. C. de Jesús) a76 p. ; c27 cm.14aOrtí y Lara, Juan Manuel. aES-MaACLj2165-F-6